00329nam a2200133Ia 4500008004100000020001500041041001200056082001600068100001500084245004700099260002500146300000800171650001600179221030s9999 xx 000 0 und d a0070596956 aEnglish a105.23bVau aT. Vaughan 0aMultimedia : Making It Workcby T. Vaughan bTMHaNew Delhic2005 a462 aBE Computer